000 00483nam a2200217Ia 4500
001 12273
003 GE_BSU
008 181216s||||||||xx |||||||||||||| ||und||
020 _a9780340731987
040 _cGE_BSU
080 _a811.111
100 _aLobner,Sebastian
245 _aUnderstanding semantics
260 _aLondon
260 _bHodder education
260 _c2002
300 _a260p.ill.24cm
541 _h84Gel
653 _aUnderstanding semantics
942 _cBK
999 _c45449
_d45449